Estadísticas para Completar letras de rock argentino

Haz click aquí para intentar la prueba.

Estadísticas generales

  • Esta prueba ha sido intentada 168 veces
  • La puntuación promedio es 12 de 23

Estadísticas de respuestas

Año-% Correcto
1990De aquel amor / de música ligera / nada nos libra / nada más {queda}
96%
1983La otra noche te esperé bajo la lluva dos horas / mil horas / como un {perro}
92%
1986No lo soñe / ibas corriendo a la {deriva}
78%
2003Más, dame un poco más / Quiero {intoxicarme} en vos
77%
1969Muchacha ojos de papel / ¿a dónde vas? / quédate hasta el {alba}
72%
1985La rubia tarada, bronceada, aburrida / Me dice "¿Por qué {te} {pelaste}?"
67%
1989Quiero verla en el show / es como un {gato} {siamés}
63%
1978Esas {motos} que van a mil / solo el viento te harán sentir
61%
1996Estaba el diablo mal parado / en la esquina de mi barrio / al lado de él estaba la muerte / con una {botella} en la mano
60%
1991Quizás no sea el {vino} / Quizás no sea el postre / Quizás no sea, no sea nada
57%
1967Con mi balsa / yo me iré a {naufragar}
55%
2004Mas deseo mas me alejo / soy un {extraño} aquí en mi cuerpo
54%
1988Siempre habrá vasos vacíos / con agua de la {ciudad}
47%
1970Todo tiene un final / nada puede {escapar}
42%
2000{Besos} por celular / las momias de este amor / piden el actor de lo que fui
41%
1973Detrás de las paredes / que ayer te han levantado / te ruego que respires {todavía}
40%
1998Se viene el estallido / de mi guitarra / de tu {gobierno} / también
40%
1976Ahí va el Capitán Beto por el espacio / La foto de {Carlitos} sobre el comando
36%
1972No se por qué / imaginé / que estábamos unidos / y {me} {sentí} {mejor}
32%
1995De un tiempo {perdido} / a esta parte esta noche ha venido / un recuerdo encontrado / para quedarse conmigo
27%
1984Sobre la palma de mi lengua vive el {himno} de mi corazón
27%
1982Yo quiero ver muchos más {delirantes} por ahí / Bailando en una calle cualquiera
21%
1975Quiero atrapar el sol / en una pared {desierta}
15%

Distribución de puntuación

Porcentaje por número respondido

Porcentaje de gente con cada puntuación

Historial de tus puntuaciones

No has intentado esta prueba.